LIBRARY ONLINE CATALOGUE

Beginning with God : (Record no. 21459)

MARC details
000 -LEADER
fixed length control field 01784cam a2200349 i 4500
001 - CONTROL NUMBER
control field 19552478
003 - CONTROL NUMBER IDENTIFIER
control field OSt
005 - DATE AND TIME OF LATEST TRANSACTION
control field 20260316123116.0
008 - FIXED-LENGTH DATA ELEMENTS--GENERAL INFORMATION
fixed length control field 170315s2017 ilu b 000 0 eng
010 ## - LIBRARY OF CONGRESS CONTROL NUMBER
LC control number 2017010363
020 ## - INTERNATIONAL STANDARD BOOK NUMBER
International Standard Book Number 9780830845057
Qualifying information print : alk. paper
035 ## - SYSTEM CONTROL NUMBER
System control number 19552478
040 ## - CATALOGING SOURCE
Original cataloging agency DLC
Language of cataloging eng
Transcribing agency DLC
Description conventions rda
Modifying agency DLC
042 ## - AUTHENTICATION CODE
Authentication code pcc
050 00 - LIBRARY OF CONGRESS CALL NUMBER
Classification number BT77
Item number .S56 2017
082 00 - DEWEY DECIMAL CLASSIFICATION NUMBER
Classification number 230
Edition number 23
100 1# - MAIN ENTRY--PERSONAL NAME
Personal name Sire, James W.,
Relator term author.
245 10 - TITLE STATEMENT
Title Beginning with God :
Remainder of title a basic introduction to the Christian faith /
Statement of responsibility, etc. James W. Sire.
250 ## - EDITION STATEMENT
Edition statement Expanded edition.
264 #1 - PRODUCTION, PUBLICATION, DISTRIBUTION, MANUFACTURE, AND COPYRIGHT NOTICE
Place of production, publication, distribution, manufacture Downers Grove, Illinois :
Name of producer, publisher, distributor, manufacturer IVP Books, an imprint of InterVarsity Press,
Date of production, publication, distribution, manufacture, or copyright notice [2017]
300 ## - PHYSICAL DESCRIPTION
Extent 189 pages ;
Dimensions 18 cm
336 ## - CONTENT TYPE
Content type term text
Content type code txt
Source rdacontent
337 ## - MEDIA TYPE
Media type term unmediated
Media type code n
Source rdamedia
338 ## - CARRIER TYPE
Carrier type term volume
Carrier type code nc
Source rdacarrier
504 ## - BIBLIOGRAPHY, ETC. NOTE
Bibliography, etc Includes bibliographical references.
505 0# - FORMATTED CONTENTS NOTE
Formatted contents note What's in a name? -- Beginning with God -- A name for God -- The God who is -- Man and woman: the image of God -- The bad news about human beings -- Sin from the inside out -- God in search of his people -- God's finished work -- New life in Christ -- A new lifestyle -- Jesus the Christ -- God's forever family.
650 #0 - SUBJECT ADDED ENTRY--TOPICAL TERM
Topical term or geographic name as entry element Theology, Doctrinal
Form subdivision Popular works.
776 08 - ADDITIONAL PHYSICAL FORM ENTRY
Relationship information Online version:
Main entry heading Sire, James W., author.
Title Beginning with God
Edition Expanded Edition.
Place, publisher, and date of publication Downers Grove : InterVarsity Press, 2017
International Standard Book Number 9780830890965
Record control number (DLC) 2017016608
906 ## - LOCAL DATA ELEMENT F, LDF (RLIN)
a 7
b cbc
c orignew
d 1
e ecip
f 20
g y-gencatlg
942 ## - ADDED ENTRY ELEMENTS (KOHA)
Source of classification or shelving scheme Library of Congress Classification
Koha item type General Collection
Holdings
Withdrawn status Lost status Source of classification or shelving scheme Not for loan Home library Current library Shelving location Date acquired Source of acquisition Inventory number Total Checkouts Full call number Barcode Date last seen Copy number Price effective from Koha item type
    Library of Congress Classification   Kabarak, Main Campus Kabarak, Main Campus General Stacks 16/03/2026 Donation 2025/3050   BT77 .S56 2017 C.1 39334 16/03/2026 C.1 16/03/2026 General Collection